000 00448nam a22001817a 4500
003 MPLRDC
005 20220104184426.0
008 210129b ||||| |||| 00| 0 eng d
020 _a957-560-023-1
082 _a848.2 XLZ v.5 c.2
100 _a杏林子
245 _a感谢玫瑰有刺
_c
250 _a初版二十印
260 _a台湾
_b金禾出版社
_c2003
300 _b
650 _a现代别集
942 _cBK
_o848.2 XLZ v.5 c.2
999 _c62856
_d62846